| 000 | 00633nam a2200229 a 4500 | ||
|---|---|---|---|
| 001 | 68014 | ||
| 003 | BD-RjUL | ||
| 005 | 20211209081725.0 | ||
| 008 | 170329s1963 nyu 001 0 eng d | ||
| 035 | _a(BD-RjUL)68223 | ||
| 040 |
_aDLC _cFM _dUk _dDLC _d(BD-RjUL) _beng |
||
| 041 | _aeng | ||
| 082 |
_223 _a669 _bSAM 1963 |
||
| 100 | 1 |
_aSamans, Carl H. _9201594 |
|
| 245 | 1 | 0 |
_aMetallic materials in engineering / _cCarl H. Samans |
| 260 |
_aNew York : _bMacmillan Company, _cc1963 |
||
| 300 |
_axii, 532 p. : _bill. ; _c24 cm |
||
| 500 | _aIncludes Index | ||
| 650 | 0 |
_aMetals _9201595 |
|
| 650 | 0 |
_aAlloys _9160235 |
|
| 942 |
_2ddc _cBK |
||
| 999 |
_c68014 _d68014 |
||